000 00782nam a22002417a 4500
999 _c13474
_d13474
003 MIRAKIL
005 20190910145203.0
008 190910b tu ||||| |||| 00| 0 tur d
020 _a9786055340940
040 _aTR-AnCHP
_btur
_cTR-AnCHP
041 _atur
082 _a956.101591992
_bP36r 2012
100 1 _aPerinçek, Mehmet
245 _aRus devlet arşivlerinden 150 belgede Ermeni meselesi/
_cMehmet Perinçek.
250 _aGnşl. 6.bs.
260 _aİstanbul:
_bKırmızı kedi yayınevi,
_c2012.
300 _a336 s.:
_bfotg. ,tbl.;
_c23 sm.
490 0 _aKırmızı Kedi Yayınevi ;
_aTarih;
_v185.
_v5.
650 _aErmeniler
_xTarih
_zTürkiye
650 _aErmeni sorunu
_xTarih
_yBelgeler
_zRusya
651 _aErmenistan
_xTarih
_y20. yüzyıl
942 _2ddc
_cBKS